000 00706nam a2200289Ia 4500
005 20260324150137.0
008 008 260324s9999 xx 000 0 eng d
020 _a9781003009474
037 _aEBOOK
040 _aCRL
040 _beng
040 _cCRL
041 _2eng
041 _aeng
084 _qCRL
100 _aDouglas Brooks
_91225401
245 0 _aNumber and Pattern in the Eighteenth-Century Novel
245 0 _bDefoe, Fielding, Smollett and Sterne
260 _bTaylor and Francis
260 _c1973
365 _a
365 _b170
856 _uhttp://www.taylorfrancis.com/books/9781003009474
942 _cEBOOK
999 _c1834373
_d1834373